000 00374nam a2200157Ia 4500
008 230516s9999 xx 000 0 und d
041 _aeng
082 _a615.321
_bZAF
100 _aZAFAR RASHEEDUZ
245 _aMEDICINAL PLANTS OF INDIA
260 _bCBS PUBLISHERS & DISTRIBUTORS
_c2009
300 _a132
365 _h20%
520 _aPH
650 _aPHARMACEUTICS
999 _c369843
_d369843